000 00787nam a2200229 i 4500
001 24388
003 ES-MaACL
005 20250822042020.0
007 t|
008 021217s1979 sp ||||1| spa d
100 1 _aAnastasi, Anne.
_921378
245 1 0 _aPsicología diferencial /
_cAnne Anastasi ; versión de Celedonio Riesco Hernández ; revisión técnica de Alfonso Alvarez Villar.
250 _a[2ª ed., 6ª reimp.].
260 _a[Madrid] :
_bAguilar,
_c[1979]
300 _aXIX, 596 p. :
_bil. ;
_c25 cm.
490 1 _aPsicología y educación
700 1 _aRiesco Hernández, Celedonio.
_997153
700 1 _aAlvarez Villar, Alfonso.
_920998
830 0 0 _aPsicología y educación
_9180908
852 _aES-MaACL
_jA-10737
_bR.99854
999 _c24388
_d24388